1238 1591 1456 1603 1066 1008 1024 1102 1494 1582 1475 1055 1057 1636 1081 1856 1286 1598 1021 1618 1004 1191 1634 1442 1824 1348 1297 1064 1655 1119 1227 1055 1421 1256 1854 1530 1501 1887 1014 1263 1353 1138 1015 1004 1903 1407 1098 1644 1116 1963 1774 1828 1213 1409 1043 1066 1285 1045 1407 1972 1173 1440 1842 1792 1984 1927 1247 1031 1468 1689 1113 1908 1962 1700 1002 1678 1049 1448 1202 1849 1996 1943 1529 1704 1414 1509 1149 1927 1369 1478 1298 1549 1274 1238 1237 1662 1862 1475 1578 BCNSPRNW ULIB Ver.6.0+V

เปลี่ยนเป็นภาษาไทย

Change to English
 แสดงรายละเอียดบรรณานุกรม
  กลับหน้าหลัก

Brief Record : Get Marc (ISO 2709) : E-mail record : QR code < ปิดหน้าต่าง
LEADER : 00000nam 2200000uu 4500
001    13399125854
003     ULIB
008    020711s2016 th a 000 0 eng d
020    ^a9781259587702
060    ^aWB18.2^bT-C
100    ^aToy, Eugene C.
245    ^aCase files.Family medicine/^bToy, Eugene C.
250    ^a4th ed
260    ^aPhiladelphia :^bMcGraw-hill,^c2016
300    ^a691 pages;^c22 cm
650    ^aFamily Practice-Case Reports
945    ^p947^l0^i003236
999    ^aประนอม เกษจรัล
รายการนี้ยังไม่มีแท็ก
คุณยังไม่ได้ล็อกอิน คุณสามารถมีกิจกรรมร่วมกับเว็บไซต์ได้ แต่ต้องล็อกอินก่อน ::
  ล็อกอิน

รายการสื่อสารสนเทศ

ลำดับที่ ประเภท เลขเรียก/บาร์โค้ด สถานที่ สถานะ
1. วิทยาศาสตร์การแพทย์ และสุขภาพ
หนังสือสำรอง
สถานะ=หนังสือสำรอง
WB18.2 T-C ฉ.1 
  Barcode: 003236
ห้องสมุดวิทยาเขตสวรรค์ประชารักษ์
►หนังสือทั่วไป
บนชั้น

BibComment


ยังไม่เคยถูกคอมเมนท์

คอมเมนท์ทรัพยากรรายการนี้
  คอมเมนท์: Case filesFamily..


 Copyright 2026. Bcnsprnw @Library